The DNA of parent-teen relationships : (Record no. 3453)
[ view plain ]
| 000 -LEADER | |
|---|---|
| fixed length control field | 00767nam a22002172 4500 |
| 001 - CONTROL NUMBER | |
| control field | 0000009347 |
| 005 - DATE AND TIME OF LATEST TRANSACTION | |
| control field | 20151217145850.0 |
| 008 - FIXED-LENGTH DATA ELEMENTS--GENERAL INFORMATION | |
| fixed length control field | 080929s xx 000 0 eng d |
| 020 ## - INTERNATIONAL STANDARD BOOK NUMBER | |
| International Standard Book Number | 1589971639 : |
| Terms of availability | KES 590 |
| 040 ## - CATALOGING SOURCE | |
| Original cataloging agency | KABU |
| Transcribing agency | KABU |
| 100 1# - MAIN ENTRY--PERSONAL NAME | |
| Personal name | Smalley, Gary. |
| -- | 0000160611 |
| 245 14 - TITLE STATEMENT | |
| Title | The DNA of parent-teen relationships : |
| Remainder of title | discover the key to your teen's heart / |
| Statement of responsibility, etc. | Gary Smalley & Greg Smalley. |
| 260 ## - PUBLICATION, DISTRIBUTION, ETC. (IMPRINT) | |
| Place of publication, distribution, etc. | Wheaton, IL. : |
| Name of publisher, distributor, etc. | Tyndale, |
| Date of publication, distribution, etc. | 2005. |
| 300 ## - PHYSICAL DESCRIPTION | |
| Extent | vii, 277 p. |
| 650 #0 - SUBJECT ADDED ENTRY--TOPICAL TERM | |
| Topical term or geographic name as entry element | Parenting |
| General subdivision | Religious aspects |
| -- | Christianity. |
| -- | 0000160612 |
| 650 #0 - SUBJECT ADDED ENTRY--TOPICAL TERM | |
| Topical term or geographic name as entry element | Parent and teenager |
| General subdivision | Religious aspects |
| -- | Christianity. |
| -- | 0000160613 |
| 700 1# - ADDED ENTRY--PERSONAL NAME | |
| Personal name | Smalley, Greg. |
| -- | 0000160614 |
| 908 ## - PUT COMMAND PARAMETER (RLIN) | |
| Put command parameter | 080929 |
| 950 ## - LOCAL HOLDINGS (RLIN) | |
| -- | 1 |
| Withdrawn status | Lost status | Source of classification or shelving scheme | Not for loan | Home library | Current library | Date acquired | Total Checkouts | Full call number | Barcode | Date last seen | Price effective from | Koha item type |
|---|---|---|---|---|---|---|---|---|---|---|---|---|
| Library of Congress Classification | Kabarak, Main Campus | Kabarak, Main Campus | 17/12/2015 | BV4529 .S63 2005 c. 1 | 15020 | 17/12/2015 | 17/12/2015 | General Collection |